[Event "World Cup"]
[Site "Skelleftea"]
[Date "1989.08.??"]
[Round "12"]
[White "Kasparov, Garry"]
[Black "Vaganian, Rafael A"]
[Result "1-0"]
[WhiteElo "2775"]
[BlackElo "2585"]
[Annotator "Bulletin"]
[PlyCount "85"]
[EventDate "1989.08.??"]
[EventType "tourn"]
[EventRounds "15"]
[EventCountry "SWE"]
[EventCategory "16"]
[SourceTitle "CBM 014"]
[Source "ChessBase"]
[SourceDate "1990.02.01"]
[SourceVersion "1"]
[SourceVersionDate "1990.02.01"]
[SourceQuality "1"]

1. c4 c5 2. Nf3 Nf6 3. Nc3 Nc6 4. d4 cxd4 5. Nxd4 e6 6. g3 Qb6 7. Ndb5 {
'!' Bulletin. Bulletin: 'am schärfsten; Ribli in der 'Sonntagszeitung Zürich'.
Ruhiger ist 7.Nb3 oder 7.Nc2.'} d5 {'!?' Bulletin. Bulletin: 'N'} (7... Ne5 {
Euwe} 8. Bg2 a6 9. Na3 Bxa3 10. bxa3 Nxc4 11. Qb3 Qxb3 12. axb3 Na5 13. Rb1 d5
14. Na4 $146) 8. Bg2 {'!' Bulletin.} (8. cxd5 $2 Nxd5 9. Nxd5 exd5 10. Qxd5 Be6
$17) 8... d4 (8... dxc4 $2 9. O-O Be7 10. Nd6+ Bxd6 11. Qxd6 $16) 9. Na4 Qa5+
10. Bd2 Bb4 11. Nc5 {'!' Bulletin.} O-O 12. Nd3 Bxd2+ 13. Qxd2 Qxd2+ 14. Kxd2
Rd8 15. c5 Ne8 16. Na3 {'!' Bulletin.} f6 17. f4 {'!' Bulletin.} Bd7 18. Nc4
Rab8 19. b4 {'!' Bulletin.} Ne7 20. a4 Bc6 21. Bf3 {'!' Bulletin.} a6 22. Rhb1
Nc7 23. Nd6 {'!' Bulletin.} Nf5 24. b5 {'!' Bulletin.} axb5 25. axb5 Nxd6 (
25... Bxf3 26. Nxf5 Bxe2 27. b6 $1 Bxd3 (27... Nd5 28. Nxd4 Bxd3 29. Kxd3 $16)
28. Kxd3 Na6 (28... Ne8 29. c6 $1 bxc6 30. Ne7+ Kf8 31. Nxc6 $18) 29. Rxa6 bxa6
30. Ne7+ Kf8 31. Nc6 $16) 26. bxc6 Nc4+ 27. Kc1 bxc6 28. Rxb8 Rxb8 29. Ra4 {
'!' Bulletin.} Ne3 30. Bxc6 e5 {'+-?' Bulletin.} (30... Rd8 $1 31. Ra7 Ned5 $16
) 31. fxe5 fxe5 32. Nxe5 Ne6 33. Ra5 Rc8 34. Kd2 {'!' Bulletin.} Kf8 35. Kd3 {
'!' Bulletin.} Ke7 36. Ra7+ Kf6 37. Nd7+ Kg5 38. Bf3 Nf5 39. h4+ Kg6 40. Ra6
Kf7 41. Bd5 Re8 42. Ne5+ Kf6 43. Nf3 1-0

[Event "EU-chT (Men) 10th"]
[Site "Debrecen"]
[Date "1992.11.??"]
[Round "7.2"]
[White "Suba, Mihai"]
[Black "Ernst, Thomas"]
[Result "1/2-1/2"]
[WhiteElo "2520"]
[BlackElo "2535"]
[Annotator "Bulletin"]
[PlyCount "114"]
[EventDate "1992.11.20"]
[EventType "team-swiss"]
[EventRounds "9"]
[EventCountry "HUN"]
[SourceTitle "EU-chT"]
[Source "ChessBase"]
[SourceDate "1999.07.01"]
[SourceVersion "2"]
[SourceVersionDate "1999.07.01"]
[SourceQuality "1"]
[WhiteTeam "Romania"]
[BlackTeam "Sweden"]
[WhiteTeamCountry "ROU"]
[BlackTeamCountry "SWE"]

1. c4 c5 2. Nf3 Nc6 3. d4 cxd4 4. Nxd4 Nf6 5. Nc3 e6 6. Bf4 d5 7. a3 Qb6 $5 (
7... Be7) 8. Be3 Ng4 9. cxd5 Nxe3 10. fxe3 exd5 11. g3 (11. Nxd5 Qa5+ 12. Nc3
Qe5 $44) 11... Be6 12. Bg2 Rd8 13. O-O {/\ Na4} Nxd4 14. exd4 Be7 15. Qd2 O-O
16. e3 $14 Qb3 17. Ne2 Rc8 18. Rfc1 Rc6 $6 19. Rxc6 bxc6 20. Nc1 Qb6 21. b4 $16
Bd6 22. Nb3 Re8 23. Rc1 Bd7 24. Rc3 Be7 $132 {><e3} 25. Nc5 Bf5 26. Qf2 g6 27.
Nb3 Bg5 28. h4 Bh6 29. Na5 Bd7 30. Bf3 Kg7 31. Kg2 Re7 32. g4 f6 33. Bd1 Re4
34. Qg3 Qd8 35. Kf2 $2 (35. Nb7 $1 Qe7 36. Nc5 Rxe3 37. Rxe3 Bxe3 38. Nxd7 Bxd4
39. Qc7 $18) 35... Kh8 $1 36. Nb7 Qf8 37. Nc5 Re7 38. Nxd7 (38. Kg2 $142 {
/\ g5+/-}) 38... Rxd7 39. Rxc6 Re7 40. Rc3 f5 $1 41. Kg2 (41. g5 f4 $1 $13)
41... f4 42. exf4 Bxf4 43. Qf2 Rf7 44. Rf3 Qd6 45. Bb3 $2 (45. g5 {/\ b5, a4+/-
}) 45... h6 46. Qf1 Kg7 47. Bc2 Rf8 48. Rf2 Rf6 49. Bb3 Be3 50. Rxf6 Qxf6 51.
Qxf6+ Kxf6 52. Bxd5 Bxd4 53. Kf3 Ke5 54. Bf7 g5 55. h5 Bb2 56. a4 Bc3 57. b5
Kd4 1/2-1/2

[Event "Plovdiv"]
[Site "Plovdiv"]
[Date "1986.??.??"]
[Round "1"]
[White "Georgiev, Kiril"]
[Black "Gligoric, Svetozar"]
[Result "1/2-1/2"]
[WhiteElo "2545"]
[BlackElo "2515"]
[Annotator "Bulletin"]
[PlyCount "118"]
[EventDate "1986.06.24"]
[EventType "tourn"]
[EventRounds "11"]
[EventCountry "BUL"]
[EventCategory "10"]
[SourceTitle "EXT 2000"]
[Source "ChessBase"]
[SourceDate "1999.11.16"]
[SourceVersion "1"]
[SourceVersionDate "1999.11.16"]
[SourceQuality "1"]

1. Nf3 Nf6 2. c4 c5 3. Nc3 Nc6 4. d4 cxd4 5. Nxd4 e6 6. g3 Qb6 7. Nb3 d5 8.
cxd5 Nxd5 9. Nxd5 exd5 10. Bg2 Bb4+ 11. Bd2 a5 12. O-O Bxd2 13. Qxd2 a4 14. Nc1
O-O 15. Nd3 Bf5 16. Nf4 d4 17. Rfd1 Rfd8 18. Nd5 Qa5 19. Qxa5 Rxa5 20. e4 Be6
21. Rd2 f5 22. Nf4 Bf7 23. Nd3 Bc4 24. exf5 Rxf5 25. f4 Bxd3 26. Rxd3 Rc5 27.
Rad1 Rc2 28. R3d2 Rxd2 29. Rxd2 Kf7 30. Kf2 Kf6 31. Be4 h6 32. Kf3 Nb4 33. a3
Na6 34. Bxb7 Nc5 35. Bc6 d3 36. Bb5 Rd6 37. Rd1 Rb6 38. Bxd3 Rxb2 39. Bc4 Rc2
40. Bd5 Rc3+ 41. Kg4 Nd3 42. Rb1 Nf2+ 43. Kh4 Rxa3 44. Rb6+ Ke7 45. Rb7+ Kd6
46. Bg8 g5+ 47. fxg5 hxg5+ 48. Kxg5 Rf3 49. Ra7 Ne4+ 50. Kg4 Rf2 51. Bh7 Nf6+
52. Kg5 Nxh7+ 53. Rxh7 Rb2 54. h4 $2 (54. Ra7 Rxh2 55. Rxa4 Ke7 56. Kg6 Rg2 57.
g4 $18) 54... Rb5+ 55. Kg4 Ra5 56. Rb7 a3 57. Rb1 a2 58. Ra1 Ke6 59. Kf4 Kf6
1/2-1/2

[Event "Andorra op 15th"]
[Site "Andorra"]
[Date "1997.??.??"]
[Round "5"]
[White "Marin, Mihail"]
[Black "Komljenovic, Davorin"]
[Result "1-0"]
[WhiteElo "2545"]
[BlackElo "2460"]
[Annotator "Bulletin"]
[PlyCount "65"]
[EventDate "1997.07.??"]
[EventType "swiss"]
[EventRounds "9"]
[EventCountry "AND"]
[SourceTitle "CBM 058 Extra"]
[Source "ChessBase"]
[SourceDate "1997.07.29"]
[SourceVersion "1"]
[SourceVersionDate "1997.07.29"]
[SourceQuality "1"]

1. Nf3 c5 2. c4 Nf6 3. Nc3 Nc6 4. d4 cxd4 5. Nxd4 e6 6. g3 Qb6 7. Ndb5 Ne5 8.
Bf4 $5 {(Kortchnoi)} Nfg4 9. e3 g5 $5 {N} (9... a6) (9... Qc6 $6) 10. Bxg5 $1
a6 (10... Qc6 11. h3 Qxh1 $2 12. Nc7#) 11. h3 f6 12. Bh4 $8 (12. Bf4 axb5 13.
hxg4 bxc4 $132) 12... Nxe3 (12... axb5 13. hxg4 Nxc4 14. Bxf6 Rg8 15. Qb3) 13.
fxe3 $1 (13. Qh5+ Ng6 14. Bd3 f5 $132) 13... axb5 (13... Qxe3+ 14. Qe2 Nd3+ (
14... Nf3+ 15. Kd1 Qxe2+ 16. Bxe2 Nxh4 17. Nc7+ Kd8 18. Nxa8 $18) 15. Kd1 Nf2+
16. Kc2 Qxe2+ 17. Bxe2 $18 {/\Bh5#, /\Nc7}) 14. Bxf6 $1 Bg7 $5 (14... Qxe3+ 15.
Qe2 $18) 15. Qh5+ Nf7 16. Bxg7 Qxe3+ 17. Ne2 (17. Kd1 $5) 17... Rg8 18. Bd4 $18
(18. Qxh7 $6 Rxg7 19. Qxg7 Ne5 $132) 18... Qe4 19. Rh2 e5 (19... Rg5 20. Qh4
Qg6 21. Rf2 $18) 20. Rf2 Qg6 (20... Rg7 21. Bg2 $18) 21. Qxg6 Rxg6 22. Bc3 (22.
Rxf7 Kxf7 23. Bxe5 Re6 $1 (23... bxc4 24. Nf4 Rxg3 25. Bxc4+ {/\Kf2, +-, צg3})
24. Bc3 bxc4 $16) 22... bxc4 23. Bg2 d6 24. g4 h5 (24... Be6 25. Bxb7 Rb8 26.
Bc6+ Ke7 27. Ng3 $18) 25. gxh5 Rh6 26. Ng3 Ke7 27. Bd5 Rf6 (27... Be6 28. Nf5+)
28. Rxf6 Kxf6 29. Ne4+ Ke7 30. Bxf7 Kxf7 31. Nxd6+ Ke6 32. Nxc4 Ra4 33. b3 1-0

[Event "Lopota FIDE GP (Women)"]
[Site "Lopota"]
[Date "2014.06.30"]
[Round "10"]
[White "Ju, Wenjun"]
[Black "Muzychuk, Anna"]
[Result "1-0"]
[WhiteElo "2532"]
[BlackElo "2561"]
[Annotator "CB"]
[PlyCount "89"]
[EventDate "2014.06.19"]
[EventType "tourn"]
[EventRounds "11"]
[EventCountry "GEO"]
[EventCategory "11"]
[SourceTitle "CBM 161 Extra"]
[Source "ChessBase"]
[SourceDate "2014.08.29"]
[SourceVersion "1"]
[SourceVersionDate "2014.08.29"]
[SourceQuality "1"]

{Positionally one of the best games of the tournament. Ju Wenjun won the pair
of bishops and patiently used their power to crush Muzychuk. It is hard to
point even one move that the Chinese player made in this game that was
inaccurate.} 1. Nf3 c5 2. c4 Nc6 3. d4 cxd4 4. Nxd4 Nf6 5. Nc3 e6 6. a3 Bc5 7.
Nb3 Bb6 {Unusual. This has been played once before, but the alternative is
much more common.} (7... Be7 {has been played by dozens of grandmasters.}) 8.
c5 Bc7 9. g3 O-O 10. Bg2 b6 11. O-O Rb8 12. Nb5 $1 {Taking the pair of bishops
is definitely a good idea.} bxc5 13. Nxc7 c4 (13... Qxc7 14. Nxc5 {is an edge
for White but nothing special.}) 14. Nd4 Qxc7 15. Nxc6 dxc6 16. Qa4 Nd5 $6 {
Muzychuk hopes to equalize through trades, but it does not achieve the desired
result.} (16... e5 17. Qxc4 Be6 18. Qxc6 Qxc6 19. Bxc6 Rfc8 20. Bg2 Rb3 21. Rd1
$14) (16... Qb6 $5) 17. Qxc4 Qb6 18. Qc2 Ba6 19. Re1 Qb3 20. Qc5 Qb5 {The next
moves by Ju Wenjun are absolutely perfect and show great understanding of this
position. White holds a big advantage but she has to play precisely to prove
it.} 21. Qxb5 cxb5 22. e4 Nb6 23. Bf1 $1 Na4 24. Rb1 $1 Rbc8 25. Be3 Rc2 26. b3
$1 Nc3 27. Rbc1 Rxc1 28. Rxc1 Nxe4 29. Rc7 $18 Ra8 30. Bg2 f5 31. Bf1 Nf6 32.
Bd4 Rd8 33. Bxf6 gxf6 34. Rxa7 Rd6 35. b4 $1 Rb6 36. a4 e5 37. a5 Rd6 38. Be2
h6 39. Ra8+ Kg7 40. Rb8 Rd4 41. Rb6 Bc8 42. Rc6 Bd7 43. Rc7 Kg6 44. a6 Be8 45.
Rc8 1-0

[Event "Moscow Aeroflot op-A 15th"]
[Site "Moscow"]
[Date "2016.03.09"]
[Round "9"]
[White "Bocharov, Dmitry"]
[Black "Inarkiev, Ernesto"]
[Result "0-1"]
[WhiteElo "2595"]
[BlackElo "2677"]
[Annotator "CB"]
[PlyCount "176"]
[EventDate "2016.03.01"]
[EventType "swiss"]
[EventRounds "9"]
[EventCountry "RUS"]
[SourceTitle "CBM 171"]
[Source "ChessBase"]
[SourceDate "2016.03.14"]
[SourceVersion "2"]
[SourceVersionDate "2016.03.14"]
[SourceQuality "1"]

1. c4 c5 2. Nf3 Nc6 3. d4 cxd4 4. Nxd4 Nf6 5. Nc3 e6 6. a3 Bc5 7. Nb3 Bb6 8.
Bf4 d5 9. c5 Bc7 10. Bxc7 Qxc7 11. Nb5 Qe5 12. Nd6+ Ke7 13. Qc1 d4 14. e4 Nxe4
15. f4 Qd5 16. Bc4 Nxc5 17. Bxd5 Nd3+ 18. Kd2 Nxc1 19. Raxc1 Kxd6 20. Bxc6 bxc6
21. Nxd4 Bd7 22. Ke3 Rhc8 23. Rhd1 Ke7 24. Rc5 a5 25. b3 Ra6 26. g3 Rb8 27. Rd3
h6 28. a4 f6 29. h4 Be8 30. Nf3 Bg6 31. Rdc3 Kd6 32. h5 Bh7 33. Nd2 Rb4 34.
R5c4 Rxc4 35. Nxc4+ Kc5 36. Rc1 Kb4 37. Nd2 e5 38. fxe5 fxe5 39. Rc4+ Ka3 40.
Rc5 Bg8 41. Rxe5 Bxb3 42. Nxb3 Kxb3 43. Re7 Kxa4 44. Rxg7 Kb3 45. Kd2 Rb6 46.
g4 a4 47. Kc1 a3 48. Kb1 Rb4 49. g5 hxg5 50. Rxg5 Rh4 51. Rg3+ Kb4 52. Rg6 Rh1+
53. Ka2 Rh2+ 54. Kb1 {Diagramm [#] Das berühmte f+h-Bauer-Szenario bahnt sich
an. Diese Stellung wäre ohne den weißen h-Bauern verloren, da der König auf
der Grundreihe abgeschnitten ist und Schwarz zudem den richtigen Bauern nach
vorne (a3) geschoben hat.} c5 55. Rb6+ Ka5 56. Rh6 c4 57. Rc6 Kb5 58. Rc8 Kb4 (
58... Rxh5 $6 59. Ka2 $8 Kb4 60. Rb8+ Kc3 61. Rg8 {ist eine theoretische
Remisstellung} Rh2+ 62. Kxa3 Kc2 63. Rg3 c3 64. Rg1 {und der weiße König ist
auf der richtigen (kurzen) Seite.}) 59. Rb8+ Kc3 60. Ra8 a2+ 61. Ka1 Kd3 62.
Rd8+ Kc2 63. Rg8 Kb3 (63... Rxh5 64. Rg2+ Kb3 65. Rb2+ Kc3 66. Kxa2 $11 {
mit gleicher Stellung wie in der Partie}) 64. Rb8+ Kc3 65. Rg8 Kd3 66. Rd8+ Ke3
67. Re8+ Kd4 68. Rd8+ Kc5 69. Rc8+ Kb4 70. Rb8+ Ka3 71. Ra8+ Kb3 72. Rb8+ Kc3
73. Rg8 Kd3 74. Rd8+ Kc2 75. Rg8 {Schwarz hat die letzten Züge keinerlei
Fortschritte erzielen können und wechselt jetzt die Strategie} Rxh5 76. Rg2+
Kb3 77. Rb2+ Kc3 78. Kxa2 Rd5 79. Rb8 Kc2 80. Rb2+ Kc1 81. Rb1+ Kc2 82. Rb2+
Kc3 83. Rb8 Rd2+ 84. Kb1 Rd1+ 85. Ka2 Kc2 {Diagramm [#] die
Zermürbungsstrategie Inarkievs mündet an dieser Stelle in den einzigen Fehler
seines Gegners - was ihm jedoch den halben Punkt kostet.} 86. Rb2+ $4 (86. Rh8
{der Turm gibt von der langen Seite Schachs und sichert so das Remis}) 86...
Kd3 87. Rb8 c3 {mit dem Bauern auf der dritten Reihe ist Weiß ein Tempo zu
langsam um die Remisstellung mit Th8 einzunehmen.} 88. Rd8+ (88. Rh8 c2 89.
Rh3+ Ke4 90. Rh4+ Kf5 91. Rh5+ Kg6 $19) 88... Ke2 0-1

[Event "Seville op 41st"]
[Site "Seville"]
[Date "2016.01.14"]
[Round "7"]
[White "Pogorelov, Ruslan"]
[Black "Fernandez Romero, Ernesto"]
[Result "0-1"]
[WhiteElo "2336"]
[BlackElo "2475"]
[Annotator "CB"]
[PlyCount "128"]
[EventDate "2016.01.08"]
[EventType "swiss"]
[EventRounds "9"]
[EventCountry "ESP"]
[SourceTitle "CBM 170 Extra"]
[Source "ChessBase"]
[SourceDate "2016.02.25"]
[SourceVersion "1"]
[SourceVersionDate "2016.02.25"]
[SourceQuality "1"]

1. Nf3 c5 2. c4 Nf6 3. Nc3 Nc6 4. d4 cxd4 5. Nxd4 e6 6. a3 Bc5 7. Nb3 Bb6 8. e4
d5 (8... O-O) 9. exd5 exd5 10. Nxd5 Nxd5 11. cxd5 O-O 12. Be2 (12. dxc6 $2
Bxf2+ 13. Ke2 Re8+ $19) 12... Qf6 13. O-O Rd8 {Diagrama [#]} 14. Qd3 $2 (14.
Be3 Be6 (14... Qxb2 15. Nc5 $11) (14... Bxe3 15. fxe3 Qe5 16. Qc2 Qxe3+ 17. Kh1
Ne7 (17... Rxd5 18. Bc4 Rd7 $2 (18... Re5 19. Rxf7 $14) 19. Rae1) 18. Bd3 $11)
15. Bf3 Ne7 $11) 14... Be6 $16 15. Qf3 (15. Qc3 Bxd5 16. Qxf6 gxf6 17. Nd2 Nd4
$17) 15... Qxf3 16. Bxf3 Bxd5 17. Bxd5 Rxd5 $17 18. Nd2 Ne5 19. Ne4 Nd3 20. Nc3
Rf5 (20... Re5) 21. Be3 Bxe3 22. fxe3 Rxf1+ 23. Kxf1 (23. Rxf1 Nxb2 24. Rb1 Nc4
25. Rxb7 Nxa3 26. Rc7 $15 (26. Kf2 a5 $15)) 23... Nxb2 24. Rb1 Nc4 25. Rxb7
Nxa3 26. Ke2 h6 27. e4 Nc2 28. Kd2 Nd4 29. Nd5 a5 30. Ke3 Nc6 {Diagrama [#]}
31. Nb6 $6 (31. Rc7 Ne5 32. Kd4 $15) 31... Ra6 $17 32. Na4 Ne5 33. Kd4 f6 34.
Rb5 h5 35. Kd5 Kh7 36. h4 Ra8 37. Ke6 Kg6 38. Ke7 Ra7+ 39. Ke6 Ra6+ 40. Kd5 Ra8
41. Kd4 Kh6 42. g3 (42. Kc3) 42... Rd8+ 43. Rd5 Rb8 $19 44. Kc3 (44. Rxa5 Nc6+)
44... Rb4 45. Rd4 (45. Nc5 Rc4+ 46. Kb3 Kg6 47. Nd3 a4+ 48. Ka2 Nxd3 49. Rxd3
Rxe4 $19) 45... Rxd4 46. Kxd4 g5 47. Nc5 gxh4 48. gxh4 Nf3+ 49. Kc4 Nxh4 50.
Kb5 Ng2 51. Nd3 Kg5 52. Kxa5 Nf4 53. Nf2 Kh4 54. e5 fxe5 55. Kb5 Kg3 56. Ne4+
Kf3 57. Ng5+ Kg4 58. Ne4 h4 59. Kc6 Kf5 60. Nd2 Ke6 61. Ne4 h3 62. Kc5 h2 63.
Ng3 Nd3+ 64. Kc4 Nf2 0-1

[Event "ROM-GER Kings"]
[Site "Medias"]
[Date "2015.11.03"]
[Round "5.1"]
[White "Deac, Bogdan Daniel"]
[Black "Donchenko, Alexander"]
[Result "1-0"]
[WhiteElo "2455"]
[BlackElo "2577"]
[Annotator "CB"]
[PlyCount "79"]
[EventDate "2015.10.30"]
[EventType "schev"]
[EventRounds "5"]
[EventCountry "ROU"]
[SourceTitle "CBM 169"]
[Source "ChessBase"]
[SourceDate "2015.11.10"]
[SourceVersion "1"]
[SourceVersionDate "2015.11.10"]
[SourceQuality "1"]
[WhiteTeam "Romania"]
[BlackTeam "Germany"]
[WhiteTeamCountry "ROU"]
[BlackTeamCountry "GER"]
[TimeControl "40/5400+30:1800+30"]

1. c4 c5 2. Nf3 Nc6 3. d4 cxd4 4. Nxd4 Nf6 5. Nc3 e6 6. a3 Be7 7. e4 O-O 8. Nf3
Qc7 9. Be2 b6 10. O-O Bb7 11. Bg5 Rac8 {Die Partie ist in eine Igelstruktur
übergegangen. Weiß verfügt über mehr Raum, doch dafür ist die schwarze
Stellung ziemlich fest. Schwarz will das weiße Zentrum sprengen und Züge wie
...d5 oder ...a6 und ...b5 durchsetzen.[#]} (11... Rad8 {Wird hier häufiger
gespielt. Mit diesem Zug bereitet Schwarz einfach späteres ...d5 vor.} 12. Rc1
Qb8 13. Re1 $13) 12. Rc1 h6 13. Bh4 Qb8 14. Re1 Rfd8 15. Bg3 d6 16. Nd2 Qa8 17.
Bf1 Ne5 18. f3 Ng6 19. b4 Nd7 (19... d5 20. exd5 exd5 21. Bd3 Bf8 22. Bxg6 fxg6
23. Nb5 $13) 20. Bf2 Bh4 21. g3 Be7 22. Qb3 h5 23. Be2 Nf6 24. Bf1 Ne5 25. Nb5
Qb8 26. Nd4 Bf8 27. h3 Ng6 28. Qe3 Re8 29. Nb5 Rcd8 30. Nb3 {[#]} d5 $2 {
Die Zeit für diesen Zentrumsdurchbruch ist immer noch nicht gekommen.} (30...
Rc8 $11) 31. c5 $1 $16 bxc5 (31... dxe4 32. c6 $16) 32. Nxc5 dxe4 33. Nxb7 Qxb7
34. fxe4 Ne5 35. Rc7 Qb8 36. Rc3 (36. Rxa7 Rc8 37. Qf4 Red8 $13) 36... Rd7 37.
Nxa7 Nfg4 $4 38. hxg4 Nxg4 39. Nc6 $1 $18 Qa8 40. Qf3 1-0

[Event "Jermuk FIDE GP (Women)"]
[Site "Jermuk"]
[Date "2012.07.19"]
[Round "3"]
[White "Kovalevskaya, Ekaterina"]
[Black "Munguntuul, Batkhuyag"]
[Result "1-0"]
[WhiteElo "2417"]
[BlackElo "2447"]
[Annotator "CB"]
[PlyCount "43"]
[EventDate "2012.07.16"]
[EventType "tourn"]
[EventRounds "11"]
[EventCountry "ARM"]
[EventCategory "11"]
[SourceTitle "CBM 150"]
[Source "ChessBase"]
[SourceDate "2012.09.14"]
[SourceVersion "1"]
[SourceVersionDate "2012.09.14"]
[SourceQuality "1"]

{White emerged from the opening with a small advantage and a position that was
simple to play with straightforward moves, and one which demanded exact
responses by Black. Unfortunately for the Mongolian representative in Jermuk,
she was unable to find the right answer and at a crucial time committed a
positional mistake.} 1. c4 c5 2. Nf3 Nc6 3. d4 cxd4 4. Nxd4 Nf6 5. Nc3 e6 6. a3
Be7 7. g3 O-O 8. Bg2 d5 9. cxd5 Nxd5 10. Nxd5 exd5 11. O-O Bf6 12. Be3 Re8 13.
Rc1 Nxd4 14. Bxd4 Bxd4 15. Qxd4 Rxe2 16. Rfd1 Bf5 17. Bxd5 Qd7 $2 ({Necessary
was} 17... Qe7 18. Bf3 Re6 {Of course White is in control, but Black is
holding on.}) 18. Qf4 Bc2 19. Rd4 Qe7 20. Rc4 Rd8 21. Rc7 Qf6 22. R1xc2 1-0

[Event "Linares 26th"]
[Site "Linares"]
[Date "2009.02.20"]
[Round "2"]
[White "Carlsen, Magnus"]
[Black "Dominguez Perez, Leinier"]
[Result "1/2-1/2"]
[WhiteElo "2776"]
[BlackElo "2717"]
[Annotator "CB"]
[PlyCount "35"]
[EventDate "2009.02.19"]
[EventType "tourn"]
[EventRounds "14"]
[EventCountry "ESP"]
[EventCategory "21"]
[SourceTitle "CBM 129"]
[Source "ChessBase"]
[SourceDate "2009.03.25"]
[SourceVersion "1"]
[SourceVersionDate "2009.03.25"]
[SourceQuality "1"]

1. c4 c5 2. Nf3 Nc6 3. d4 cxd4 4. Nxd4 Nf6 5. Nc3 e6 6. g3 Qb6 7. Ndb5 Ne5 8.
Bf4 Nfg4 {#} 9. Qa4 {This astonishing move was introduced into practice last
year by Aronian, who surprised Leko in Morelia 2008.} g5 {Faced with a new
situation in the above-mentioned game this advance took Leko 80 minutes of
thought. Dominguez spent less than a minute for it. His next moves were played
a tempo as well - a clear sign of good home preparation.} 10. Bxe5 Qxf2+ {
An important novelty! In the game Aronian-Leko, Morelia 2008 Black continued
10... Nxe5.} 11. Kd1 Nxe5 12. Nc7+ Kd8 13. Nxa8 Qd4+ 14. Kc2 Nxc4 15. Kb3 ({
Without preparation Carlsen wasn't ready to test the most principled
continuation} 15. e4 Qd2+ 16. Kb3 Qxb2+ (16... Ne3 {loses:} 17. a3 Qc2+ 18. Ka2
) 17. Kxc4 d5+ ({Not} 17... Qxa1 18. Qa5+ b6 19. Qxg5+ Be7 20. Qe5 {winning}) {
and here White must find} 18. Kd3 $1 (18. exd5 Bg7 {favours Black}) 18... Bg7
19. Ne2 {# This wild position requires a careful analysis in order to tell if
White can emerge out of complications with some advantage. At the first sight
Black has sufficient counterplay to keep the balance. Here is a possible
variation that ends up with a draw by perpetual check:} Bd7 ({worse is} 19...
dxe4+ 20. Ke3 Qxa1 21. Bg2 Qe5 22. Qxa7 Bd7 23. Rc1) 20. Qxa7 Qxa1 (20... Bb5+
21. Ke3 d4+ 22. Kf2 {is again winning for White}) 21. Bg2 Bb5+ 22. Ke3 Qb2 23.
Qb8+ Ke7 24. Qxb7+ Kf8 25. Qc8+ Ke7 26. Qc7+ Ke8 {and White can either repeat
the moves, or try to play for more with 27.Re1.}) 15... Nd2+ 16. Kc2 Nc4 17.
Kb3 Nd2+ 18. Kc2 1/2-1/2

[Event "SWE-ch"]
[Site "Helsingborg"]
[Date "1991.??.??"]
[Round "9"]
[White "Engqvist, Thomas"]
[Black "Schneider, Lars Ake"]
[Result "1-0"]
[WhiteElo "2355"]
[BlackElo "2445"]
[Annotator "ChessBase"]
[PlyCount "86"]
[EventDate "1991.??.??"]
[EventType "tourn"]
[EventRounds "15"]
[EventCountry "SWE"]
[EventCategory "4"]
[SourceTitle "TD"]
[Source "ChessBase"]
[SourceDate "1994.03.01"]
[SourceVersion "1"]
[SourceVersionDate "1994.03.01"]
[SourceQuality "1"]

1. Nf3 Nf6 2. c4 e6 3. Nc3 c5 4. d4 cxd4 5. Nxd4 Nc6 6. Ndb5 {Ett säkert
system som ger vit en minimal fördel.} d5 7. Bf4 e5 8. cxd5 exf4 9. dxc6 bxc6
10. Qxd8+ Kxd8 {Vit har den bättre bondeställningen, men svart har bättre
pjäser i form av löparparet och den halvöppna b-linjen. Även bonden pÅ f4
utövar ett starkt tryck pÅ kungsflygeln. Med textdraget vill vit likvidera
löparparet. En annan} 11. Rd1+ (11. Nd4) 11... Bd7 12. Nd6 Kc7 {Säkrare är:12.
- Ld6} (12... Bxd6 13. Rxd6 Rb8 14. Rd2 (14. b3 Rb4 $1 {För att förhindra Td4})
14... Re8 15. g3 f3 16. Kd1 fxe2+ 17. Bxe2 Kc7 {Med en minimal fördel för vit
eftersom han har tvÅ bondeöar mot svarts tre.}) 13. Nxf7 Rg8 14. Ne5 Rb8 15.
Nxd7 Nxd7 16. g3 (16. Rd2 Ne5 $1) 16... Rxb2 17. Bh3 Nc5 (17... Nf6 18. O-O
fxg3 19. hxg3 Bb4 20. Rc1 Rd8 21. Bg2 Rdd2 {Adorjan - Cebalo, Visac 1983.
Spelet är ganska jämt eftersom svarts bÅda torn stÅr aktivt som kompensation
för den svaga c-bonden.}) 18. O-O Bd6 {Ett nytt drag,tidigare har spelats 18.
- Tc2} (18... Rc2 19. Rc1 Rxc1 20. Rxc1 {Korchnoi-Portisch,Bad Kissingen (5)
1983.}) 19. Rc1 g5 20. Rfd1 Rd8 21. Bg2 h6 (21... Be7 22. Rxd8 Bxd8 23. gxf4
gxf4 24. Nd5+ $1) 22. Na4 Nxa4 (22... Rxe2 23. Nxc5 Bxc5 24. Rxd8 Bxf2+ 25. Kf1
) (22... Rb5 23. Rc2) 23. Rxc6+ Kb8 24. Rcxd6 Rxd6 25. Rxd6 Nc3 26. Bf3 $1 {
Hämmar svarts bönder pÅ kungsflygeln och ger kungen ett fält.} Nxe2+ 27. Bxe2
Rxe2 28. g4 $1 Rxa2 (28... f3 29. h3) 29. Rxh6 Rc2 30. Rh5 {Svarts ställning
är givetvis hopplös.} Rc5 31. Kg2 {Förbereder h4} Kc7 32. h4 a5 33. hxg5 Kd6
34. Rh6+ {Naturligtvis inte 34.g6??} (34. g6 $4 Rxh5 35. gxh5 Ke6) 34... Ke5
35. Ra6 Ke4 36. g6 Rg5 37. f3+ Kd4 38. Re6 Kd5 39. Ra6 Kd4 40. Kf2 Rc5 41. g7
Rg5 42. Rxa5 Rxg7 43. Ra4+ Ke5 1-0